Bangal ma Arbi & Farsi Katabat (Record no. 233653)

000 -LEADER
fixed length control field nam a22 7a 4500
005 - DATE AND TIME OF LATEST TRANSACTION
control field 20170309145310.0
008 - FIXED-LENGTH DATA ELEMENTS--GENERAL INFORMATION
fixed length control field 170309b xxu||||| |||| 00| 0 eng d
020 ## - INTERNATIONAL STANDARD BOOK NUMBER
International Standard Book Number 9789698535148
040 ## - CATALOGING SOURCE
Transcribing agency .
082 ## - DEWEY DECIMAL CLASSIFICATION NUMBER
Classification number BB-351
245 ## - TITLE STATEMENT
Title Bangal ma Arbi & Farsi Katabat
Statement of responsibility, etc. Prof Dr Muhammad Yousaf Siddique
260 ## - PUBLICATION, DISTRIBUTION, ETC.
Place of publication, distribution, etc. NUST Islamabad
Name of publisher, distributor, etc. NUST Press
Date of publication, distribution, etc. 2013.
300 ## - PHYSICAL DESCRIPTION
Extent 651 p. '
Dimensions 28 cm.
942 ## - ADDED ENTRY ELEMENTS (KOHA)
Source of classification or shelving scheme
Koha item type Book
Holdings
Withdrawn status Lost status Source of classification or shelving scheme Damaged status Not for loan Permanent Location Current Location Shelving location Date acquired Full call number Barcode Date last seen Price effective from Koha item type
          School of Mechanical & Manufacturing Engineering (SMME) School of Mechanical & Manufacturing Engineering (SMME) Book Bank 03/09/2017 BB-351 SMME-BB351 04/02/2018 03/09/2017 Book
          School of Mechanical & Manufacturing Engineering (SMME) School of Mechanical & Manufacturing Engineering (SMME) Book Bank 03/09/2017 BB-352 SMME-BB352 04/02/2018 03/09/2017 Book
© 2023 Central Library, National University of Sciences and Technology. All Rights Reserved.